000
002720000a22000970004500
100
1
_a
Reis, Pamela Tamarkin
245
1
0
_a
Vindicating God : Another look at 1 Kings 13
300
_a
Vol. 44, Num. 3 (Julio, 1994), Páginas 376-386
773
0
_t
Vetus Testamentum
942
_c
ANA
999
_c
57960
_d
57960